Normal view
MARC view
Entry Topical Term
001 - CONTROL NUMBER
- control field: 3151
003 - CONTROL NUMBER IDENTIFIER
- control field: NLI
005 - DATE AND TIME OF LATEST TRANSACTION
- control field: 20210317173256.0
008 - FIXED-LENGTH DATA ELEMENTS
- fixed length control field: 210317|| aca||aabn | a|a d
040 ## - CATALOGING SOURCE
- Original cataloging agency: NLI
- Transcribing agency: NLI
150 ## - HEADING--TOPICAL TERM
- Topical term or geographic name entry element: Dispute resolution (Law)
- Geographic subdivision: India
670 ## - SOURCE DATA FOUND
- Source citation: Work cat.: (NLI): 880-01 Nadagoudar, Suresh V., 1969- 3149, The law of resolution of industrial disputes /, 2008.
